[Event "1. Bundesliga 2015/2016"]
[Site "Mattersburg"]
[Date "2015.11.05"]
[Round "1"]
[Board "3"]
[White "Hiermann, Dietmar"]
[Black "Schmaltz, Roland"]
[Result "0-1"]
[WhiteElo "2270"]
[BlackElo "2487"]
[PlyCount "82"]
[EventDate "2015.11.05"]
[EventType "team"]
[EventRounds "11"]
[EventCountry "AUT"]
[WhiteTeam "Spg Sauwald"]
[BlackTeam "L.A. Kraftanlage Ottakring"]

1.e4 c5 2.Nc3 e6 3.Nf3 a6 4.Be2 d6 5.d4 cxd4 6.Nxd4 Nf6 7.Bg5 Be7 8.O-O Nbd7 9.Kh1
Qc7 10.f4 b5 11.Bf3 Bb7 12.Bxf6 Nxf6 13.e5 dxe5 14.fxe5 Ng8 15.Bxb7 Qxb7 16.Qg4 Nh6
17.Qf4 Rd8 18.Rad1 O-O 19.Ne4 Qc7 20.Rd3 Rd5 21.Nd2 Bc5 22.N4f3 Rxd3 23.cxd3 Be7 24.Nd4
Qd7 25.Qe4 Rc8 26.N2b3 Bf8 27.g4 g6 28.Rc1 Rd8 29.h3 a5 30.Nc6 Qxd3 31.Qg2 Rd5 32.Nbxa5
Qe3 33.Rf1 Rd3 34.b3 Qxh3+ 35.Qxh3 Rxh3+ 36.Kg2 Rh4 37.Rf4 g5 38.Re4 Nxg4 39.Kg3 h5
40.Nb7 Rh1 41.Nd6 f5 0-1

[Event "1. Bundesliga 2015/2016"]
[Site "Mattersburg"]
[Date "2015.11.05"]
[Round "1"]
[Board "4"]
[White "Beck, Hartmuth"]
[Black "Hellmayr, Alois"]
[Result "1/2-1/2"]
[WhiteElo "2356"]
[BlackElo "2248"]
[PlyCount "83"]
[EventDate "2015.11.05"]
[EventType "team"]
[EventRounds "11"]
[EventCountry "AUT"]
[WhiteTeam "L.A. Kraftanlage Ottakring"]
[BlackTeam "Spg Sauwald"]

1.d4 Nf6 2.c4 e6 3.Nc3 Bb4 4.Qc2 c5 5.dxc5 Bxc5 6.Nf3 Nc6 7.g3 Qb6 8.e3 d5 9.cxd5
exd5 10.a3 Be7 11.Bg2 Qa6 12.Bf1 Qb6 13.Bg2 Qa6 14.Bf1 Qb6 15.Na4 Qd8 16.Bg2 Bg4 17.O-O
O-O 18.b4 Rc8 19.Qa2 Ne4 20.Bb2 b5 21.Nc5 Bxc5 22.bxc5 Nxc5 23.Nd4 Nxd4 24.Bxd4 Ne6
25.Bxa7 Qa5 26.Bd4 Nxd4 27.exd4 Rc4 28.Bxd5 Rxd4 29.Rfe1 Bh5 30.Re5 Rd2 31.Qb3 Qa7
32.Rxh5 Qxf2+ 33.Kh1 g6 34.Rh4 Re8 35.Bxf7+ Qxf7 36.Qxf7+ Kxf7 37.Rxh7+ Kf6 38.Rf1+
Kg5 39.Rb1 Re5 40.Rb7 Ree2 41.Rh7 Re5 42.Rb7 1/2-1/2

[Event "1. Bundesliga 2015/2016"]
[Site "Mattersburg"]
[Date "2015.11.05"]
[Round "1"]
[Board "6"]
[White "Steiner, Adam"]
[Black "Taggatz, Mario"]
[Result "1/2-1/2"]
[WhiteElo "2249"]
[BlackElo "2209"]
[PlyCount "83"]
[EventDate "2015.11.05"]
[EventType "team"]
[EventRounds "11"]
[EventCountry "AUT"]
[WhiteTeam "L.A. Kraftanlage Ottakring"]
[BlackTeam "Spg Sauwald"]

1.e4 e5 2.Nc3 Nf6 3.f4 d5 4.fxe5 Nxe4 5.Nf3 Be7 6.d4 c5 7.Bd3 Nxc3 8.bxc3 c4 9.Be2
Nc6 10.O-O O-O 11.Bf4 Bf5 12.Qd2 Qd7 13.Rab1 b6 14.h3 Nd8 15.Bg5 Ne6 16.Bxe7 Qxe7
17.Nh2 Bg6 18.Bf3 Rfd8 19.Ng4 Ng5 20.Ne3 Nxf3+ 21.Rxf3 Rac8 22.Rff1 Qg5 23.Qf2 Rc7
24.Rb5 Be4 25.a4 Qe7 26.a5 bxa5 27.Ra1 Rc6 28.Raxa5 a6 29.Rb4 Rg6 30.Rc5 h5 31.Nf5
Qg5 32.Nh4 Qc1+ 33.Kh2 Rf8 34.Rb7 Rg5 35.Rcc7 Qxc2 36.Qxc2 Bxc2 37.Nf3 Rg6 38.h4 f6
39.e6 Re8 40.Re7 Rxe7 41.Rxe7 Kf8 42.Rf7+ 1/2-1/2

[Event "1. Bundesliga 2015/2016"]
[Site "Mattersburg"]
[Date "2015.11.05"]
[Round "1"]
[Board "1"]
[White "Ragger, Markus"]
[Black "Georgiadis, Nico"]
[Result "1/2-1/2"]
[WhiteElo "2697"]
[BlackElo "2486"]
[PlyCount "113"]
[EventDate "2015.11.05"]
[EventType "team"]
[EventRounds "11"]
[EventCountry "AUT"]
[WhiteTeam "SC MPOE Maria Saal"]
[BlackTeam "Schachclub Sparkasse Goetzis"]

1.Nf3 d5 2.g3 Nf6 3.Bg2 e6 4.O-O c5 5.c4 d4 6.e3 Nc6 7.exd4 cxd4 8.d3 Bd6 9.Bg5 h6
10.Bxf6 Qxf6 11.Nbd2 Qe7 12.Nb3 e5 13.Re1 Bg4 14.Qc2 Rd8 15.Nxe5 Nxe5 16.f4 O-O 17.fxe5
Bxe5 18.Bxb7 Qc7 19.Qg2 f5 20.Bf3 Bf6 21.Bxg4 fxg4 22.Qe4 Bg5 23.Rf1 Be3+ 24.Kg2 a5
25.Rad1 Kh8 26.Nd2 Rde8 27.Qxg4 Rxf1 28.Nxf1 Qb7+ 29.Kh3 Qxb2 30.Qh5 Rf8 31.Re1 Qf2
32.Rb1 Qxa2 33.Qc5 Qf2 34.g4 Bg5 35.Ng3 Re8 36.Qxa5 Re3 37.Qd5 Kh7 38.c5 Bh4 39.Qf5+
Qxf5 40.gxf5 Bxg3 41.hxg3 Rxd3 42.Rb7 Rc3 43.Rc7 d3 44.f6 d2 45.Rxg7+ Kh8 46.Rd7 Rxc5
47.Rxd2 Rf5 48.Rd6 Kh7 49.Kg4 Rf1 50.Ra6 Kg6 51.f7+ Kg7 52.Ra7 Rxf7 53.Rxf7+ Kxf7
54.Kh5 Kg7 55.g4 Kh7 56.g5 hxg5 57.Kxg5 1/2-1/2

[Event "1. Bundesliga 2015/2016"]
[Site "Mattersburg"]
[Date "2015.11.05"]
[Round "1"]
[Board "2"]
[White "Krassowizkij, Jaroslaw"]
[Black "Predojevic, Borki"]
[Result "0-1"]
[WhiteElo "2446"]
[BlackElo "2654"]
[PlyCount "144"]
[EventDate "2015.11.05"]
[EventType "team"]
[EventRounds "11"]
[EventCountry "AUT"]
[WhiteTeam "Schachclub Sparkasse Goetzis"]
[BlackTeam "SC MPOE Maria Saal"]

1.d4 d5 2.c4 dxc4 3.e3 e5 4.Bxc4 exd4 5.exd4 Bd6 6.Nf3 Nf6 7.O-O O-O 8.Ne5 Nbd7 9.Qe2
Nb6 10.Bb3 Nfd5 11.Nc3 Be6 12.Ne4 f6 13.Nc5 Qc8 14.Nc4 Bf7 15.Nxd6 cxd6 16.Ne4 Qd7
17.Qf3 Kh8 18.Re1 Rad8 19.Bd2 Nc8 20.Ng5 fxg5 21.Bxd5 Bg8 22.Qb3 Qf5 23.Bxg8 Qxf2+
24.Kh1 Qxd2 25.Bd5 b6 26.Qc3 Qxc3 27.bxc3 g6 28.a4 Rd7 29.a5 Rc7 30.axb6 Nxb6 31.Bf3
Kg7 32.Ra6 Rff7 33.Rea1 h5 34.h3 Kh6 35.Kg1 Rfe7 36.R1a3 Nc4 37.Ra2 Nb6 38.R2a3 Nc8
39.Rc6 Rxc6 40.Bxc6 Rc7 41.Bf3 Nb6 42.Kf2 Kg7 43.Ke2 Kf6 44.Kd3 d5 45.Ra5 Ke6 46.Rc5
Kd6 47.Ra5 Re7 48.Kc2 Rc7 49.Kd3 Rf7 50.Ra2 Re7 51.Ra5 Re3+ 52.Kc2 Re7 53.Kd3 Rd7
54.Rc5 Rf7 55.Ra5 g4 56.hxg4 h4 57.Ke2 Re7+ 58.Kd3 g5 59.Ra1 Rf7 60.Ke2 Rh7 61.Ra6
Rc7 62.Kd3 Re7 63.Ra1 Kc6 64.Kc2 Rf7 65.Kb3 Kd6 66.Rh1 Nc4 67.Kc2 a5 68.Kd3 Rb7 69.Rc1
a4 70.Bd1 a3 71.Bc2 Rb2 72.Rf1 Rxc2 0-1

[Event "1. Bundesliga 2015/2016"]
[Site "Mattersburg"]
[Date "2015.11.05"]
[Round "1"]
[Board "3"]
[White "Buhmann, Rainer"]
[Black "Hirneise, Tobias"]
[Result "1-0"]
[WhiteElo "2645"]
[BlackElo "2449"]
[PlyCount "107"]
[EventDate "2015.11.05"]
[EventType "team"]
[EventRounds "11"]
[EventCountry "AUT"]
[WhiteTeam "SC MPOE Maria Saal"]
[BlackTeam "Schachclub Sparkasse Goetzis"]

1.Nf3 c5 2.c4 Nc6 3.Nc3 e5 4.e3 Nf6 5.d4 e4 6.d5 exf3 7.dxc6 bxc6 8.Qxf3 Bd6 9.Bd3
Be5 10.O-O d5 11.h3 O-O 12.Na4 Qe7 13.Rd1 Be6 14.Qe2 Ne4 15.f4 Bf6 16.Bxe4 dxe4 17.Bd2
Rad8 18.Bc3 Bh4 19.Kh2 Bc8 20.b3 Rd3 21.Rxd3 exd3 22.Qxd3 Rd8 23.Qe2 Bf5 24.g3 Bf6
25.Bxf6 Qxf6 26.Rd1 Re8 27.Nxc5 Bxh3 28.Kxh3 Qf5+ 29.Kg2 Qxc5 30.e4 h6 31.e5 a5 32.Rd7
a4 33.Qd3 Qa3 34.e6 fxe6 35.Qg6 Qb2+ 36.Kh3 Rb8 37.Qxe6+ Kh8 38.bxa4 Qxa2 39.Qxc6
Qe2 40.Qd5 Qf1+ 41.Kh4 g5+ 42.Kh5 Qe2+ 43.Kxh6 Rb6+ 44.Rd6 Qh2+ 45.Kg6 Qh7+ 46.Kf6
Qg7+ 47.Ke6 Qg6+ 48.Ke5 Qg7+ 49.Ke4 Qh7+ 50.Kd4 Qg7+ 51.Kc5 Qc7+ 52.Rc6 Rxc6+ 53.Qxc6
Qa5+ 54.Qb5 1-0

[Event "1. Bundesliga 2015/2016"]
[Site "Mattersburg"]
[Date "2015.11.05"]
[Round "1"]
[Board "5"]
[White "Halvax, Georg"]
[Black "Anistratov, Dmitrij"]
[Result "0-1"]
[WhiteElo "2337"]
[BlackElo "2287"]
[PlyCount "112"]
[EventDate "2015.11.05"]
[EventType "team"]
[EventRounds "11"]
[EventCountry "AUT"]
[WhiteTeam "SC MPOE Maria Saal"]
[BlackTeam "Schachclub Sparkasse Goetzis"]

1.d4 d6 2.c4 Nf6 3.Nc3 Nbd7 4.e4 c6 5.Nge2 e5 6.d5 Be7 7.Ng3 Nf8 8.Be2 Ng6 9.h4 Nf4
10.Bf3 cxd5 11.cxd5 Ng6 12.h5 Nf8 13.Be3 h6 14.Rc1 N8h7 15.Be2 O-O 16.O-O Ne8 17.Bg4
Bg5 18.Re1 Bxe3 19.Rxe3 Nef6 20.Bxc8 Rxc8 21.Qb3 Ng4 22.Rf3 Qh4 23.Re1 Ng5 24.Rd3
Qh2+ 25.Kf1 Nh3 26.Nd1 Nf4 27.Ree3 Qxg2+ 28.Ke1 Qg1+ 29.Kd2 Nxd3 30.Rxd3 Nxf2 31.Nxf2
Qxf2+ 32.Ne2 f5 33.Rf3 Qh4 34.exf5 Qg5+ 35.Ke1 Rxf5 36.Rg3 Qe7 37.Rg6 Rf6 38.Rxf6
Qxf6 39.Qxb7 Qh4+ 40.Kd2 Qg5+ 41.Kd1 Rf8 42.Qxa7 Rf1+ 43.Kc2 Qg2 44.Qb8+ Kh7 45.Qb5
Rf2 46.Kd1 Qh1+ 47.Kd2 Qxh5 48.a4 e4 49.a5 Qg5+ 50.Kd1 Rf5 51.Nc3 Qg2 52.Kc1 Rf1+
53.Nd1 Qf3 54.Qa4 Qe3+ 55.Kc2 Qd3+ 56.Kc1 e3 0-1

[Event "1. Bundesliga 2015/2016"]
[Site "Mattersburg"]
[Date "2015.11.05"]
[Round "1"]
[Board "6"]
[White "Quintero Ortega, Carlos"]
[Black "Tomazini, Zan"]
[Result "0-1"]
[WhiteElo "2196"]
[BlackElo "2428"]
[PlyCount "68"]
[EventDate "2015.11.05"]
[EventType "team"]
[EventRounds "11"]
[EventCountry "AUT"]
[WhiteTeam "Schachclub Sparkasse Goetzis"]
[BlackTeam "SC MPOE Maria Saal"]

1.c4 g6 2.g3 Bg7 3.Bg2 c5 4.Nc3 Nc6 5.Nf3 d6 6.d3 e5 7.Bg5 f6 8.Bd2 Nge7 9.a3 Be6
10.Rb1 a5 11.e4 O-O 12.O-O Bg4 13.h3 Bxf3 14.Bxf3 Nd4 15.Bg2 Nec6 16.b3 f5 17.exf5
gxf5 18.f4 Qe8 19.Kh2 Qg6 20.Nd5 Kh8 21.b4 axb4 22.axb4 Ra3 23.Bc1 Ra2 24.bxc5 dxc5
25.Rxb7 Ne2 26.Qe1 Ncd4 27.Rb6 Qh5 28.fxe5 Nxc1 29.Qxc1 Nf3+ 30.Rxf3 Qxf3 31.Rb2 Rxb2
32.Qxb2 Qxd3 33.Qc1 Bxe5 34.Nf4 Qd6 0-1

[Event "1. Bundesliga 2015/2016"]
[Site "Mattersburg"]
[Date "2015.11.06"]
[Round "2"]
[Board "1"]
[White "Schneider, Ilja"]
[Black "Georgiadis, Nico"]
[Result "1/2-1/2"]
[WhiteElo "2505"]
[BlackElo "2486"]
[PlyCount "61"]
[EventDate "2015.11.05"]
[EventType "team"]
[EventRounds "11"]
[EventCountry "AUT"]
[WhiteTeam "ASVOE Wulkaprodersdorf"]
[BlackTeam "Schachclub Sparkasse Goetzis"]

1.d4 Nf6 2.Bg5 g6 3.Bxf6 exf6 4.c4 b6 5.Nc3 Bb7 6.e3 f5 7.Nge2 Bg7 8.Nf4 O-O 9.Be2
c5 10.dxc5 bxc5 11.O-O Nc6 12.Qd6 Qa5 13.Nfd5 Rab8 14.Rad1 Rfe8 15.Nf6+ Bxf6 16.Qxf6
Re6 17.Qh4 d6 18.Rd2 Ne5 19.Rfd1 Qb6 20.b3 a6 21.Qf4 Rbe8 22.Bf3 Nxf3+ 23.gxf3 Rd8
24.Nd5 Bxd5 25.Rxd5 a5 26.Kh1 Rd7 27.Rg1 Re5 28.Qxe5 dxe5 29.Rxd7 e4 30.fxe4 Qe6 31.Rd8+ 1/2-1/2

[Event "1. Bundesliga 2015/2016"]
[Site "Mattersburg"]
[Date "2015.11.06"]
[Round "2"]
[Board "2"]
[White "Krassowizkij, Jaroslaw"]
[Black "Maksimenko, Andrei"]
[Result "1-0"]
[WhiteElo "2446"]
[BlackElo "2478"]
[PlyCount "75"]
[EventDate "2015.11.05"]
[EventType "team"]
[EventRounds "11"]
[EventCountry "AUT"]
[WhiteTeam "Schachclub Sparkasse Goetzis"]
[BlackTeam "ASVOE Wulkaprodersdorf"]

1.e4 c5 2.Nf3 e6 3.g3 Nc6 4.Bg2 Nf6 5.d3 Be7 6.O-O d5 7.Qe2 O-O 8.e5 Nd7 9.c4 d4 10.h4
Rb8 11.Bf4 b5 12.b3 bxc4 13.dxc4 a5 14.Ne1 Rb6 15.Na3 f6 16.exf6 Nxf6 17.Nd3 Nb4 18.Nb5
Ne8 19.Ne5 Bf6 20.Rad1 Ba6 21.a3 Nd5 22.Bd2 Bxb5 23.cxb5 Bxe5 24.Qxe5 Rd6 25.Qe1 a4
26.bxa4 c4 27.Bxd5 Rxd5 28.Qxe6+ Kh8 29.Qc6 c3 30.Bg5 Qd6 31.Qc4 Nc7 32.Rfe1 Ne6 33.Be7
Qxe7 34.Qxd5 Qf6 35.Re2 Nf4 36.gxf4 c2 37.Rc1 Qxf4 38.Qg5 1-0

[Event "1. Bundesliga 2015/2016"]
[Site "Mattersburg"]
[Date "2015.11.06"]
[Round "2"]
[Board "3"]
[White "Thiede, Lars"]
[Black "Hirneise, Tobias"]
[Result "0-1"]
[WhiteElo "2420"]
[BlackElo "2449"]
[PlyCount "50"]
[EventDate "2015.11.05"]
[EventType "team"]
[EventRounds "11"]
[EventCountry "AUT"]
[WhiteTeam "ASVOE Wulkaprodersdorf"]
[BlackTeam "Schachclub Sparkasse Goetzis"]

1.c4 c5 2.g3 g6 3.Bg2 Bg7 4.Nc3 Nc6 5.b3 d6 6.Bb2 e5 7.e3 Nge7 8.Nge2 Be6 9.O-O d5
10.cxd5 Nxd5 11.Na4 b6 12.d4 cxd4 13.exd4 exd4 14.Rc1 Rc8 15.Rxc6 Rxc6 16.Nxd4 Bxd4
17.Qxd4 Rg8 18.Nc3 Rxc3 19.Bxc3 Nxc3 20.Qxc3 f6 21.Qe3 Kf7 22.Qh6 Rg7 23.Re1 Qd6 24.Qh4
h5 25.Bf1 Bg4 0-1

[Event "1. Bundesliga 2015/2016"]
[Site "Mattersburg"]
[Date "2015.11.06"]
[Round "2"]
[Board "4"]
[White "Eisenbeiser, Amadeus"]
[Black "Abel, Dennes"]
[Result "1/2-1/2"]
[WhiteElo "2413"]
[BlackElo "2466"]
[PlyCount "77"]
[EventDate "2015.11.05"]
[EventType "team"]
[EventRounds "11"]
[EventCountry "AUT"]
[WhiteTeam "Schachclub Sparkasse Goetzis"]
[BlackTeam "ASVOE Wulkaprodersdorf"]

1.e4 c6 2.d4 d5 3.Nc3 dxe4 4.Nxe4 Nf6 5.Nxf6+ gxf6 6.Nf3 Bf5 7.g3 e6 8.Bg2 Nd7 9.Qe2
Be7 10.Bh6 Qa5+ 11.c3 Rg8 12.a4 Bg4 13.h3 Bh5 14.b4 Qf5 15.Be3 Qd5 16.O-O f5 17.Bf4
Nf6 18.Qe3 Bxf3 19.Bxf3 Qd7 20.b5 Nd5 21.bxc6 bxc6 22.Qd2 Nxf4 23.Qxf4 Rg6 24.Qe5
Rc8 25.Rfe1 Kf8 26.Qh8+ Rg8 27.Qxh7 Bg5 28.Re2 Qe7 29.Bg2 Qf6 30.Qh5 f4 31.Qf3 fxg3
32.fxg3 Qxf3 33.Bxf3 c5 34.Kg2 cxd4 35.cxd4 Bf6 36.Rf1 Rc3 37.Bg4 Rg6 38.Rd1 Ra3 39.d5 1/2-1/2

[Event "1. Bundesliga 2015/2016"]
[Site "Mattersburg"]
[Date "2015.11.06"]
[Round "2"]
[Board "5"]
[White "Volkmann, Friedrich Karl"]
[Black "Anistratov, Dmitrij"]
[Result "1-0"]
[WhiteElo "2433"]
[BlackElo "2287"]
[PlyCount "81"]
[EventDate "2015.11.05"]
[EventType "team"]
[EventRounds "11"]
[EventCountry "AUT"]
[WhiteTeam "ASVOE Wulkaprodersdorf"]
[BlackTeam "Schachclub Sparkasse Goetzis"]

1.e4 d6 2.d4 Nf6 3.Nc3 g6 4.Nf3 Bg7 5.Be2 O-O 6.O-O c6 7.Re1 Qc7 8.Bf4 Nh5 9.Bg5 b5
10.e5 f6 11.Be3 fxe5 12.dxe5 Kh8 13.Bd4 b4 14.exd6 exd6 15.Ne4 d5 16.Nc5 Bxd4 17.Qxd4+
Ng7 18.Qxb4 Nd7 19.Qc3 Nxc5 20.Qxc5 Bd7 21.Nd4 Qb6 22.Nb3 Rf7 23.c4 Be6 24.Qxb6 axb6
25.Nd4 Raf8 26.Bf3 Bd7 27.cxd5 cxd5 28.Re5 Rf4 29.Rxd5 Bc8 30.Rd1 Bb7 31.Rb5 Rd8 32.Bxb7
Ne6 33.g3 Rfxd4 34.Rxd4 Nxd4 35.Rxb6 Rb8 36.a4 Nf3+ 37.Kg2 Ne5 38.b4 Nc4 39.Rc6 Na5
40.Rc8+ Rxc8 41.Bxc8 1-0

[Event "1. Bundesliga 2015/2016"]
[Site "Mattersburg"]
[Date "2015.11.06"]
[Round "2"]
[Board "6"]
[White "Mittelberger, Peter"]
[Black "Wallner, Joachim"]
[Result "0-1"]
[WhiteElo "2143"]
[BlackElo "2311"]
[PlyCount "72"]
[EventDate "2015.11.05"]
[EventType "team"]
[EventRounds "11"]
[EventCountry "AUT"]
[WhiteTeam "Schachclub Sparkasse Goetzis"]
[BlackTeam "ASVOE Wulkaprodersdorf"]

1.c4 c6 2.d4 d5 3.e3 Nf6 4.Nc3 a6 5.h3 b5 6.c5 g6 7.Bd3 Bg7 8.f4 Bf5 9.Nf3 Nbd7 10.g4
Bxd3 11.Qxd3 e6 12.Bd2 a5 13.g5 Ng8 14.Ne2 Ne7 15.Ng3 Nf5 16.Nxf5 exf5 17.h4 h6 18.gxh6
Rxh6 19.h5 Nf6 20.O-O-O Rxh5 21.Rxh5 Nxh5 22.Be1 Qe7 23.Bh4 Qe4 24.Qxe4+ fxe4 25.Nd2
Kd7 26.Rf1 Ke6 27.Kc2 a4 28.Rg1 Rh8 29.Be1 Nf6 30.Nf1 Rh3 31.Kd2 Nh5 32.Ke2 Bf6 33.Kf2
Rf3+ 34.Kg2 Bxd4 35.exd4 Nxf4+ 36.Kh1 Nh3 0-1

[Event "1. Bundesliga 2015/2016"]
[Site "Mattersburg"]
[Date "2015.11.06"]
[Round "2"]
[Board "1"]
[White "Krasenkow, Michal"]
[Black "Ragger, Markus"]
[Result "1/2-1/2"]
[WhiteElo "2610"]
[BlackElo "2697"]
[PlyCount "120"]
[EventDate "2015.11.05"]
[EventType "team"]
[EventRounds "11"]
[EventCountry "AUT"]
[WhiteTeam "L.A. Kraftanlage Ottakring"]
[BlackTeam "SC MPOE Maria Saal"]

1.Nf3 c5 2.c4 Nc6 3.d4 cxd4 4.Nxd4 Nf6 5.Nc3 e6 6.Bg5 Be7 7.e3 Qa5 8.Bxf6 Bxf6 9.Qd2
Nxd4 10.exd4 O-O 11.a3 Qd8 12.f4 b6 13.Be2 Ba6 14.Bf3 Rc8 15.b3 Qc7 16.Ne4 Be7 17.Kf2
Bb7 18.Rhc1 a6 19.b4 f5 20.Ng3 Bh4 21.Bxb7 Qxb7 22.Kg1 b5 23.c5 Ra8 24.d5 exd5 25.Rd1
a5 26.Rab1 axb4 27.axb4 Bxg3 28.hxg3 Rfe8 29.Rb2 Re7 30.Qxd5+ Qxd5 31.Rxd5 g6 32.Rd6
Kf7 33.Rb6 Ra1+ 34.Kf2 Ree1 35.Rxb5 Rf1+ 36.Ke3 Rfe1+ 37.Kf2 Rf1+ 38.Ke3 Rfe1+ 39.Re2
Red1 40.Rb7 Ra3+ 41.Kf2 Rc3 42.Rc7 Kf6 43.b5 Rd5 44.c6 Rxb5 45.cxd7 Rd3 46.d8=Q+ Rxd8
47.Rxh7 Rbd5 48.Ree7 Rd2+ 49.Kg1 Rd1+ 50.Kh2 Rh8 51.Rxh8 Kxe7 52.g4 fxg4 53.Kg3 Rd2
54.Rh4 Kf6 55.Rxg4 Rd3+ 56.Kh4 Rd4 57.Kh3 Rd5 58.Rh4 g5 59.Rh5 Rd3+ 60.Kg4 Ke5 1/2-1/2

[Event "1. Bundesliga 2015/2016"]
[Site "Mattersburg"]
[Date "2015.11.06"]
[Round "2"]
[Board "3"]
[White "Schmaltz, Roland"]
[Black "Buhmann, Rainer"]
[Result "0-1"]
[WhiteElo "2487"]
[BlackElo "2645"]
[PlyCount "64"]
[EventDate "2015.11.05"]
[EventType "team"]
[EventRounds "11"]
[EventCountry "AUT"]
[WhiteTeam "L.A. Kraftanlage Ottakring"]
[BlackTeam "SC MPOE Maria Saal"]

1.e4 e6 2.d4 d5 3.Nc3 Nf6 4.e5 Nfd7 5.f4 c5 6.Nf3 Nc6 7.Be3 Qb6 8.a3 cxd4 9.Nxd4 Bc5
10.Na4 Qa5+ 11.c3 Bxd4 12.Bxd4 Nxd4 13.Qxd4 b6 14.Qb4 Qxb4 15.axb4 Ke7 16.Bb5 Bb7
17.O-O Rhd8 18.Bd3 h6 19.Rae1 a6 20.f5 Rac8 21.Rf4 Bc6 22.Bc2 Bb5 23.Re3 Rc4 24.Rf2
d4 25.Rg3 Nxe5 26.fxe6 d3 27.Bd1 Re4 28.b3 Re1+ 29.Rf1 d2 30.c4 Bxa4 31.bxa4 Rd4 32.exf7
Rf4 0-1

[Event "1. Bundesliga 2015/2016"]
[Site "Mattersburg"]
[Date "2015.11.06"]
[Round "2"]
[Board "4"]
[White "Halvax, Georg"]
[Black "Beckhuis, Gernod"]
[Result "1/2-1/2"]
[WhiteElo "2337"]
[BlackElo "2291"]
[PlyCount "69"]
[EventDate "2015.11.05"]
[EventType "team"]
[EventRounds "11"]
[EventCountry "AUT"]
[WhiteTeam "SC MPOE Maria Saal"]
[BlackTeam "L.A. Kraftanlage Ottakring"]

1.e4 e5 2.Nf3 Nc6 3.d4 exd4 4.Nxd4 Nf6 5.Nxc6 bxc6 6.e5 Qe7 7.Qe2 Nd5 8.c4 Nb6 9.Nc3
Bb7 10.f4 O-O-O 11.Be3 g5 12.c5 gxf4 13.Bd4 Nd5 14.Nxd5 cxd5 15.O-O-O Rg8 16.h4 Rg3
17.Qd2 Qe6 18.Kb1 Bg7 19.Re1 Rg8 20.Qa5 a6 21.Qd2 Bh6 22.Qf2 R8g4 23.c6 dxc6 24.Be2
Rxg2 25.Bxg4 Qxg4 26.Qf1 f3 27.Rd1 Bd2 28.Qd3 Qe4 29.Kc2 Bf4+ 30.Kb3 c5 31.Bxc5 Bxe5
32.Bd4 Bxd4 33.Qxd4 Qxd4 34.Rxd4 f2 35.Rf1 1/2-1/2

[Event "1. Bundesliga 2015/2016"]
[Site "Mattersburg"]
[Date "2015.11.06"]
[Round "2"]
[Board "5"]
[White "Gstach, Jakob"]
[Black "Tomazini, Zan"]
[Result "0-1"]
[WhiteElo "2267"]
[BlackElo "2428"]
[PlyCount "70"]
[EventDate "2015.11.05"]
[EventType "team"]
[EventRounds "11"]
[EventCountry "AUT"]
[WhiteTeam "L.A. Kraftanlage Ottakring"]
[BlackTeam "SC MPOE Maria Saal"]

1.d4 Nf6 2.c4 Nc6 3.Nc3 e5 4.d5 Ne7 5.Nf3 Ng6 6.h4 h5 7.Bg5 d6 8.Qc2 Be7 9.e3 Nh7
10.Bxe7 Nxe7 11.Bd3 f5 12.Ng5 O-O 13.O-O-O g6 14.f3 Nf6 15.Kb1 Kg7 16.Rd2 c6 17.dxc6
bxc6 18.Rhd1 Qa5 19.e4 Rb8 20.Be2 fxe4 21.Ngxe4 d5 22.Nxf6 Rxf6 23.g4 hxg4 24.fxg4
Be6 25.Rg1 Rf4 26.Ka1 Qc5 27.Qc1 d4 28.Na4 Qa5 29.Qc2 c5 30.Bd3 Bd7 31.b3 e4 32.Re2
Bxa4 33.bxa4 exd3 34.Rxe7+ Kf8 35.Qc1 d2 0-1

[Event "1. Bundesliga 2015/2016"]
[Site "Mattersburg"]
[Date "2015.11.06"]
[Round "2"]
[Board "6"]
[White "Ertl, Johann"]
[Black "Steiner, Adam"]
[Result "1-0"]
[WhiteElo "2303"]
[BlackElo "2249"]
[PlyCount "59"]
[EventDate "2015.11.05"]
[EventType "team"]
[EventRounds "11"]
[EventCountry "AUT"]
[WhiteTeam "SC MPOE Maria Saal"]
[BlackTeam "L.A. Kraftanlage Ottakring"]

1.e4 c5 2.Nf3 d6 3.d4 cxd4 4.Nxd4 Nf6 5.Nc3 g6 6.Be3 Bg7 7.f3 Nc6 8.Qd2 O-O 9.Bc4
Bd7 10.O-O-O Rc8 11.Bb3 Ne5 12.Kb1 a6 13.h4 h5 14.g4 hxg4 15.h5 Nxh5 16.Rdg1 Rxc3
17.bxc3 Qa5 18.Bh6 Bf6 19.f4 Nf3 20.Nxf3 Bxc3 21.Qe3 Rc8 22.f5 Qa3 23.Qc1 Qxc1+ 24.Kxc1
Kh7 25.Bxf7 Be8 26.fxg6+ Kxh6 27.Rxh5+ Kg7 28.Rxg4 Bd7 29.Rh7+ Kf8 30.g7+ 1-0

[Event "1. Bundesliga 2015/2016"]
[Site "Mattersburg"]
[Date "2015.11.06"]
[Round "2"]
[Board "1"]
[White "Volokitin, Andrei"]
[Black "Schmidt, Peter"]
[Result "1-0"]
[WhiteElo "2642"]
[BlackElo "2386"]
[PlyCount "81"]
[EventDate "2015.11.05"]
[EventType "team"]
[EventRounds "11"]
[EventCountry "AUT"]
[WhiteTeam "Schachklub Sparkasse Jenbach"]
[BlackTeam "Spg Sauwald"]

1.e4 d6 2.d4 Nf6 3.Nc3 e5 4.Nf3 Nbd7 5.Bc4 Be7 6.a4 O-O 7.O-O c6 8.Re1 exd4 9.Nxd4
Ne5 10.Bf1 Re8 11.b3 d5 12.exd5 Bb4 13.Bd2 Bg4 14.Qc1 c5 15.Ne6 fxe6 16.Rxe5 exd5
17.Rxe8+ Qxe8 18.Nb5 Bxd2 19.Qxd2 Qc6 20.a5 a6 21.Nc3 Rd8 22.Re1 Qc7 23.f3 Bh5 24.Na4
Be8 25.Nb6 Bc6 26.Bd3 Qd6 27.Qg5 h6 28.Qf5 c4 29.bxc4 Qc5+ 30.Kf1 Qxa5 31.Nc8 Bd7
32.Ne7+ Kf8 33.Qe5 Qc5 34.Nxd5 Bc6 35.Nxf6 Qxe5 36.Nh7+ Kg8 37.Rxe5 b5 38.cxb5 Bxb5
39.Bxb5 axb5 40.Ng5 hxg5 41.Rxg5 1-0

[Event "1. Bundesliga 2015/2016"]
[Site "Mattersburg"]
[Date "2015.11.06"]
[Round "2"]
[Board "2"]
[White "Testor, Sebastian"]
[Black "Bauer, Christian"]
[Result "1/2-1/2"]
[WhiteElo "2330"]
[BlackElo "2631"]
[PlyCount "143"]
[EventDate "2015.11.05"]
[EventType "team"]
[EventRounds "11"]
[EventCountry "AUT"]
[WhiteTeam "Spg Sauwald"]
[BlackTeam "Schachklub Sparkasse Jenbach"]

1.d4 d6 2.e4 Nf6 3.Nc3 g6 4.Be3 c6 5.h3 Nbd7 6.f4 b5 7.a3 Nb6 8.Nf3 Qc7 9.Bd3 Nc4
10.Bc1 a6 11.Qe2 Bg7 12.O-O O-O 13.e5 Nd5 14.Nxd5 cxd5 15.b3 e6 16.Qe1 Na5 17.a4 bxa4
18.Rxa4 Nb7 19.Qe2 a5 20.Bd2 Bd7 21.Ra2 Qb6 22.Rfa1 f6 23.Kh1 Ra7 24.exd6 Qxd6 25.c4
dxc4 26.bxc4 Bc6 27.c5 Qd7 28.Bc4 Re8 29.Bxa5 Bxf3 30.Qxf3 Nxa5 31.Rxa5 Rxa5 32.Rxa5
Qxd4 33.Ra8 Rf8 34.Rxf8+ Bxf8 35.Bxe6+ Kg7 36.Qe2 Qxf4 37.Qc2 Qe3 38.Bg4 Bxc5 39.Qd1
h5 40.Bf3 Qf2 41.Be2 Qg3 42.Qf1 Qe3 43.Qd1 Kh6 44.Qf1 Bd4 45.Qd1 f5 46.Bf3 Be5 47.Qe2
Qf4 48.Kg1 Qh2+ 49.Kf2 Bd4+ 50.Ke1 Qg1+ 51.Kd2 Qa1 52.Qc4 Bf6 53.Qc2 Bg5+ 54.Kd3 Bf6
55.Qc6 g5 56.Kc4 g4 57.hxg4 hxg4 58.Bd5 Kg5 59.Kb5 Qb2+ 60.Ka6 Bd4 61.Qb5 Qa3+ 62.Kb7
Qe7+ 63.Kc8 Be5 64.Qc6 f4 65.Qd7 Qc5+ 66.Qc6 Qb4 67.Kd7 Qf8 68.Qe6 Bf6 69.Qg8+ Qxg8
70.Bxg8 f3 71.gxf3 g3 72.f4+ 1/2-1/2

[Event "1. Bundesliga 2015/2016"]
[Site "Mattersburg"]
[Date "2015.11.06"]
[Round "2"]
[Board "3"]
[White "Schlosser, Philipp"]
[Black "Hiermann, Dietmar"]
[Result "1-0"]
[WhiteElo "2551"]
[BlackElo "2270"]
[PlyCount "78"]
[EventDate "2015.11.05"]
[EventType "team"]
[EventRounds "11"]
[EventCountry "AUT"]
[WhiteTeam "Schachklub Sparkasse Jenbach"]
[BlackTeam "Spg Sauwald"]

1.c4 c6 2.e4 d5 3.cxd5 cxd5 4.exd5 Nf6 5.Nc3 Nxd5 6.Nf3 Nc6 7.Bb5 Nxc3 8.bxc3 a6 9.Bxc6+
bxc6 10.O-O e6 11.Qa4 Bd7 12.Rb1 Qc7 13.Qg4 Rb8 14.Rxb8+ Qxb8 15.d4 f6 16.Nd2 Kf7
17.Qh5+ g6 18.Qf3 Qb5 19.Ne4 Qf5 20.Qe2 Be7 21.Re1 Qa5 22.Bf4 Bc8 23.Bd6 Re8 24.Bxe7
Kxe7 25.Qe3 Rf8 26.c4 Qxa2 27.Qc3 Bd7 28.Qb4+ Kf7 29.Qb7 Rd8 30.Qc7 Ke8 31.Nxf6+ Ke7
32.Ne4 Qa3 33.Qe5 Rf8 34.Nc5 Qb2 35.Qe3 Rf6 36.Ne4 Rf5 37.h3 Ra5 38.Kh2 Kd8 39.Nc5
Qa3 1-0